Top 30 : ElGrandeToto - Statistiques

Statistiques générales
  • Ce quiz a été pris 38 fois
  • Le résultat moyen est 9 sur 30
Statistiques - réponses
Top Titres Featuring % Correct
2 Qui sait ? Niro
84%
1 love nwantiti - North African Remix CKay
68%
10 RAZONES Morad
64%
5 Mghayer
56%
6 DELLALI Hamza
52%
9 Obligación Delarue, Morad
52%
4 BLUE LOVE
48%
3 Ojos Sin Ver Morad
44%
7 DIPLOMATICO
40%
18 Obscurité Hamza
40%
19 Désert La Fouine
36%
8 Comforter Ayra Starr
32%
26 Etranger Damso
32%
14 BOUHALI
28%
12 Drouba Benzz, Baby Gang, 3robi
28%
13 Totopika Vacra
28%
25 Ailleurs Lefa
24%
16 COLTELLINO Baby Gang
24%
23 PARA MI Beny Jr
24%
24 QUÉ LO QUE Kaaris
20%
27 WAH 3robi
20%
11 MAGHRIBI
16%
21 Santa Fe
16%
28 Come Va Baby Gang
12%
15 STALINE
12%
22 Très jolie Veysel
12%
20 ALOHA!
8%
30 Bent Nass
8%
17 BGHAWNI
8%
29 Tchin Tchin Stormy, Tagne
8%
Aucun quiz correspondant
Distribution des résultats
% des personnes avec chaque résultat
Percentile par nombre de réponses
Votre historique - résultats
Vous n’avez pas pris ce quiz